Adivina el rapero (España) - Estadísticas

Estadísticas generales
  • Esta prueba ha sido intentada 188 veces
  • La puntuación promedio es 5 de 16
Estadísticas de respuestas
Imagen Respuesta % Correcto
Kase O
86%
Nach
67%
Kaze
65%
Toteking
63%
Zatu
59%
Chojin
54%
Nikone
43%
Frank T
33%
Zenit
16%
Nega
14%
7 notas 7 colores
13%
Beto
5%
Putolargo
5%
Solitario
5%
Dobleache
2%
Kingtana
1%
No se encontraron pruebas coincidentes
Distribución de puntuación
Porcentaje de gente con cada puntuación
Porcentaje por número respondido
Historial de tus puntuaciones
No has intentado esta prueba.